00450nam a2200181Ia 4500003000500000008004100005020001800046040001900064082000700083100001400090245006000104246002300164250000700187260004200194300001000236365000800246546001400254STCL221019s9999 xx 000 0 und d a9789388597210 aSTCLcSTCLbEN 222 aPanoor, K 0aകേരളത്തിലെ ആഫ്രിക്ക aKeralathile Africa a13 bNational BookaThiruvanthapuramc2018 a103 p b100 aMalayalam